Stormwater conveyance modeling and design

Wedi'i Gadw mewn:
Manylion Llyfryddiaeth
Prif Awdur: Methods, Haestad
Fformat: Llyfr
Iaith:Undetermined
Cyhoeddwyd: New York Haestad Press 2003
Pynciau:
Tagiau: Ychwanegu Tag
Dim Tagiau, Byddwch y cyntaf i dagio'r cofnod hwn!
Thư viện lưu trữ: Trung tâm Học liệu Trường Đại học Cần Thơ
LEADER 00516nam a2200181Ia 4500
001 CTU_69345
008 210402s9999 xx 000 0 und d
082 |a 628.212 
082 |b M592 
100 |a Methods, Haestad 
245 0 |a Stormwater conveyance modeling and design 
245 0 |c Haestad Methods, S. Rocky Durrans 
260 |a New York 
260 |b Haestad Press 
260 |c 2003 
650 |a Storm sewers 
904 |i Trúc Phương, Năm 
980 |a Trung tâm Học liệu Trường Đại học Cần Thơ